มุมมองปกติ
มุมมองแบบ MARC
- Bahasa Melayu
รายการ Topical Term
001 - CONTROL NUMBER
- control field: 66679
003 - CONTROL NUMBER IDENTIFIER
- control field: NALT
005 - DATE AND TIME OF LATEST TRANSACTION
- control field: 20251007134318.0
008 - FIXED-LENGTH DATA ELEMENTS
- fixed length control field: 251006|| aca||babn | a|a d
040 ## - CATALOGING SOURCE
- Original cataloging agency: NALT
150 ## - HEADING--TOPICAL TERM
- Topical term or geographic name entry element: Bahasa Melayu
- General subdivision: Picture dictionaries
